Flora nativa de valor ornamental: rutas y senderos, Chile Zona Norte
Guardat en:
| Autors principals: | , , |
|---|---|
| Format: | Llibre |
| Idioma: | espanyol |
| Publicat: |
Santiago
Jardín Botánico Chagual
2016
|
| Edició: | 2a. ed |
| Matèries: | |
| Etiquetes: |
Afegir etiqueta
Sense etiquetes, Sigues el primer a etiquetar aquest registre!
|
MARC
| LEADER | 00000cam a2200000 a 4500 | ||
|---|---|---|---|
| 001 | UCD3246 | ||
| 003 | CL-VaPUC | ||
| 008 | 160603e20160000cl |||||||||||||||||spa|d | ||
| 020 | |a 9789569479007o.c | ||
| 020 | |a 9789569479045 | ||
| 082 | 0 | 4 | |a 581.983 |b RIE |2 21 |
| 100 | 0 | |a Riedemann Moellinghoff, María Paulina |e author |9 586619 | |
| 700 | 0 | |a Aldunate Noël, Gustavo Eduardo |e author |9 586620 | |
| 700 | 0 | |a Teillier Arredondo, Sebastián |e author |9 586621 | |
| 245 | 1 | 0 | |a Flora nativa de valor ornamental: rutas y senderos, Chile Zona Norte |
| 250 | |a 2a. ed | ||
| 300 | |a 141 p | ||
| 942 | |c BK | ||
| 945 | |d 20160603 11:42:00 |a cmena | ||
| 260 | |a Santiago |b Jardín Botánico Chagual |c 2016 | ||
| 500 | |a Complementario con Identificación y propagación, Chile Zona Norte | ||
| 650 | 0 | |a Flora chilena |9 416577 | |
| 650 | 0 | |a Flora nativa chilena |9 531171 | |
| 650 | 0 | |a Plantas ornamentales |9 345450 | |
| 650 | 0 | |a Plantas bulbosas |9 413201 | |
| 650 | 7 | |a PLANTAS TREPADORAS |2 CL-VaPUC |9 586622 | |
| 583 | |a last modification |c 20160603 11:42:00 |k Rodrigo Vera | ||
| 999 | |c 364282 |d 364280 | ||
| 952 | |0 0 |1 0 |3 erb |4 0 |6 581_983000000000000_RIE_2016 |7 0 |8 A |9 477279 |a BIBAGR |b BIBAGR |i 5290295 |l 1 |o 581.983 RIE 2016 |p 5290295 |r 2024-01-30 |s 2022-05-18 |w 2019-11-24 |y BK |z Catalogado en:20160603 |k AGR | ||
| 952 | |0 0 |1 0 |3 erb |4 0 |6 581_983000000000000_RIE_2016 |7 0 |8 A |9 477280 |a BIBAGR |b BIBAGR |i 5290279 |o 581.983 RIE 2016 |p 5290279 |r 2025-01-20 |w 2019-11-24 |y BK |z Catalogado en:20160603 |k AGR | ||
| 952 | |0 0 |1 0 |3 erb |4 0 |6 581_983000000000000_RIE_2016 |7 0 |8 A |9 477281 |a BIBAGR |b BIBAGR |i 5290252 |l 2 |o 581.983 RIE 2016 |p 5290252 |r 2025-01-20 |s 2023-05-26 |w 2019-11-24 |y BK |z Catalogado en:20160603 |k AGR | ||
| 952 | |0 0 |1 0 |3 erb |4 0 |6 581_983000000000000_RIE_2016 |7 0 |8 A |9 477282 |a BIBAGR |b BIBAGR |i 5290236 |o 581.983 RIE 2016 |p 5290236 |r 2025-01-20 |w 2019-11-24 |y BK |z Catalogado en:20160603 |k AGR | ||